[Event "18th TCh-CRO"]
[Site "Sibenik CRO"]
[Date "2009.09.23"]
[Round "3"]
[White "Bologan,V"]
[Black "Naiditsch,A"]
[Result "1/2-1/2"]
[WhiteElo "2688"]
[BlackElo "2685"]

1.e4 c5 2.Nf3 d6 3.d4 cxd4 4.Nxd4 Nf6 5.Nc3 a6 6.Be3 e5 7.Nf3 Qc7 8.a4 Be7
9.Be2 O-O 10.O-O b6 11.a5 bxa5 12.Bg5 Nbd7 13.Nd2 h6 14.Bxf6 Nxf6 15.Nc4 Rb8
16.Rxa5 Rb4 17.Ra4 Rxa4 18.Nxa4 Nxe4 19.Ncb6 Bb7 20.Nd5 Qd7 21.Nab6 Qe6 22.Nc7 Qa2
23.Ncd5 Bg5 24.Nc4 Qa4 25.Ncb6 Qe8 26.Qa1 Qe6 27.Nc7 Qg6 28.Bd3 Bd8 29.Nbd5 f5
30.Bxa6 Bxa6 31.Qxa6 Qf7 32.f3 Nf6 33.Qxd6 Bxc7 34.Nxc7 Rc8  1/2-1/2

[Event "18th TCh-CRO"]
[Site "Sibenik CRO"]
[Date "2009.09.24"]
[Round "4"]
[White "Navara,D"]
[Black "Bologan,V"]
[Result "1/2-1/2"]
[WhiteElo "2692"]
[BlackElo "2688"]

1.d4 Nf6 2.c4 g6 3.g3 c5 4.Nf3 Bg7 5.Bg2 Qa5+ 6.Nc3 Ne4 7.Qd3 cxd4 8.Nxd4 Nc5
9.Qe3 Nc6 10.Nb5 Ne6 11.Bd2 Qd8 12.O-O O-O 13.Rab1 d6 14.Nd5 a6 15.Na3 Bd4
16.Qh6 Bg7 17.Qe3 Ned4 18.Bc3 Bg4 19.f3 Bd7 20.Qf2 e6 21.Nf4 b5 22.e3 b4
23.exd4 bxc3 24.bxc3 Qa5 25.Rb3 Rab8 26.Rfb1 e5 27.dxe5 dxe5 28.Nd5 Qxa3
29.Rxa3 Rxb1+ 30.Bf1 Bh3 31.Rxa6 Rc8 32.Ne3 Bh6 33.Ng2 Ne7 34.Rb6 Rc1 35.Qb2 Rd8
36.Rb8 Nc8 37.g4 Kg7 38.c5 Rdd1 39.Qe2 e4 40.Rxc8 Rxf1+ 41.Qxf1 Rxf1+ 42.Kxf1 exf3
43.Re8 fxg2+ 44.Kg1 Bd2 45.c6 Bxc3 46.Rd8 Ba5 47.Rb8 Kf6 48.Rb5 Bc7 49.a4 Bxg4
50.Rb7 Bd6 51.Kxg2 Be6 52.a5 Bd5+ 53.Kh3 g5 54.a6 Bc4 55.a7 Bf1+ 56.Kg4 Be2+
57.Kh3 Bf1+  1/2-1/2

[Event "9th Amplico Life Rapid"]
[Site "Warsaw POL"]
[Date "2009.12.19"]
[Round "3"]
[White "Bologan,V"]
[Black "Krzyzanowski,M"]
[Result "1/2-1/2"]
[WhiteElo "2692"]
[BlackElo "2333"]

1.e4 c5 2.Nf3 d6 3.d4 cxd4 4.Nxd4 Nf6 5.Nc3 a6 6.Be3 e6 7.f3 b5 8.Qd2 Nbd7
9.g4 Nb6 10.a4 Nc4 11.Bxc4 bxc4 12.a5 Bb7 13.Nde2 Nd7 14.Na4 d5 15.O-O-O Be7
16.Qc3 O-O 17.Bd4 e5 18.Bb6 Nxb6 19.Nxb6 d4 20.Qxc4 Rb8 21.Kb1 Qd6 22.Nc3 Rfc8
23.Nxc8 Rxc8 24.Qb3 Bc6 25.Nd5 Bd8 26.f4 Rb8 27.fxe5 Qxe5 28.Qg3 f6 29.Qxe5 fxe5
30.Rhf1 Bxd5 31.exd5 Bxa5 32.Ka2 Rd8 33.Rf5 Rxd5 34.c4 Rc5 35.Rxd4 g6 36.Rg5 Bc7
37.h4 Ra5+ 38.Kb3 exd4 39.c5 Rb5+ 40.Kc4 Rxb2 41.Rd5 a5 42.Rd7 Bg3 43.h5 gxh5
44.gxh5 Rc2+ 45.Kb5 Bf2 46.c6 d3 47.c7 d2 48.Rxd2 Rxc7 49.Rxf2 Kg7 50.Kxa5 Rc5+
51.Kb4 Rxh5 52.Kc4 Re5 53.Kd3 h5 54.Re2 Ra5 55.Ke3 Kg6 56.Kf3 Kg5 57.Kg2 Ra4
58.Rf2 Kg4 59.Re2 h4 60.Rc2  1/2-1/2

[Event "9th Amplico Life Rapid"]
[Site "Warsaw POL"]
[Date "2009.12.19"]
[Round "4"]
[White "Setkauskas,V"]
[Black "Bologan,V"]
[Result "0-1"]
[WhiteElo "2196"]
[BlackElo "2692"]

1.e4 c6 2.d4 d5 3.Nc3 g6 4.Nf3 Bg7 5.Be2 dxe4 6.Nxe4 Bf5 7.Nc5 b6 8.Nd3 Nf6
9.O-O O-O 10.c3 a5 11.Nfe5 Be4 12.Bf3 Qc8 13.Re1 Bxf3 14.Qxf3 Ra7 15.Nc4 Qa6
16.Nde5 a4 17.Nxc6 Nxc6 18.Qxc6 Rc8 19.Qxb6 Rxc4 20.Qxa6 Rxa6 21.Rxe7 a3
22.Rb1 Rc8 23.bxa3 Nd5 24.Rd7 Nxc3 25.Rc7 Raa8 26.Rbb7 Ne2+  0-1

[Event "9th Amplico Life Rapid"]
[Site "Warsaw POL"]
[Date "2009.12.19"]
[Round "5"]
[White "Bologan,V"]
[Black "Malisauskas,V"]
[Result "1/2-1/2"]
[WhiteElo "2692"]
[BlackElo "2483"]

1.e4 c5 2.Nf3 d6 3.d4 cxd4 4.Nxd4 Nf6 5.Nc3 a6 6.Be3 Ng4 7.Bg5 h6 8.Bh4 g5
9.Bg3 Nc6 10.Be2 Nge5 11.f3 Nxd4 12.Qxd4 Bg7 13.Qd2 Be6 14.Bf2 Rc8 15.Bd4 Qa5
16.a3 O-O 17.h4 Nc4 18.Bxc4 Bxd4 19.Qxd4 Rxc4 20.Qd2 Rfc8 21.hxg5 hxg5 22.Rc1 f6
23.Nd1 Qxd2+ 24.Kxd2 d5 25.e5 d4 26.Nf2 Bf5 27.Nd3 Kf7 28.exf6 exf6 29.g4 Bg6
30.f4 gxf4 31.Rhf1 Rh8 32.Rxf4 Rh2+ 33.Rf2 Rxf2+ 34.Nxf2 Rc8 35.Nh3 Rh8 36.Rh1 Rc8
37.Rc1 Rh8 38.Nf2 Ke6 39.Re1+ Kd5 40.Re7 Rh7 41.Re2 b6 42.Nd3 Bxd3 43.cxd3 Rh4
44.Rg2 a5 45.a4 Kc5 46.g5 fxg5 47.Rxg5+ Kb4 48.Rb5+ Kxa4 49.Rxb6 Rh2+ 50.Kc1 Rc2+
51.Kb1 Rc1+ 52.Ka2 Ra1+  1/2-1/2

[Event "9th Amplico Life Rapid"]
[Site "Warsaw POL"]
[Date "2009.12.19"]
[Round "7"]
[White "Bologan,V"]
[Black "Grabarczyk,M"]
[Result "1-0"]
[WhiteElo "2692"]
[BlackElo "2475"]

1.e4 e5 2.Nf3 Nf6 3.Nxe5 d6 4.Nf3 Nxe4 5.Nc3 Nxc3 6.dxc3 Be7 7.Be3 Nc6 8.Qd2 Be6
9.O-O-O Qd7 10.Kb1 a6 11.h4 h6 12.Nd4 Nxd4 13.Bxd4 Rg8 14.c4 O-O-O 15.Qc3 g6
16.b3 Rge8 17.g3 Bg4 18.f3 Bf5 19.g4 Be6 20.Bd3 f5 21.h5 g5 22.Rde1 fxg4
23.fxg4 Bxg4 24.Bg6 Rf8 25.Re3 d5 26.c5 b6 27.cxb6 Bd6 28.bxc7 Qxc7 29.Bb6 Qxc3
30.Rxc3+ Kb7 31.Bxd8 Rxd8 32.Rd3 Bf4 33.Re1 Kc6 34.c4 d4 35.b4 Rb8 36.a3 Be3
37.Kb2 Rf8 38.Rexe3 dxe3 39.Rxe3 Rf2+ 40.Kc3 Rf3 41.Be4+  1-0

[Event "9th Amplico Life Rapid"]
[Site "Warsaw POL"]
[Date "2009.12.20"]
[Round "9"]
[White "Bologan,V"]
[Black "Grafl,F"]
[Result "0-1"]
[WhiteElo "2692"]
[BlackElo "2428"]

1.e4 d5 2.exd5 Qxd5 3.Nf3 Bg4 4.Be2 Nc6 5.d4 O-O-O 6.Be3 e5 7.c4 Qa5+ 8.Bd2 Bb4
9.d5 Bxf3 10.Bxf3 Nd4 11.Nc3 Qa6 12.Be2 Nf6 13.a3 Rhe8 14.axb4 Qxa1 15.Qxa1 Nc2+
16.Kf1 Nxa1 17.Bd1 c6 18.Bg5 b5 19.Bxf6 gxf6 20.c5 a5 21.bxa5 b4 22.Ne4 Rxd5
23.Ba4 b3 24.Ke2 Nc2 25.Nxf6 Red8 26.Nxd5 Rxd5 27.h4 Nd4+ 28.Ke1 Rxc5 29.Rh3 Rc1+
30.Kd2 Rc2+ 31.Kd3 Rxb2 32.f4 Ra2 33.Bxb3 Nxb3 34.fxe5 Nc5+ 35.Kc4 Nd7 36.Rg3 Ra4+
37.Kb3 Rxh4 38.Rg7 Nxe5 39.a6 Kb8 40.g3 Rg4 41.Rxh7 Ka7 42.Rh5 f6 43.Rf5 Rxg3+
44.Kb4 Rf3 45.Rh5 Kxa6  0-1

[Event "9th Amplico Life Rapid"]
[Site "Warsaw POL"]
[Date "2009.12.20"]
[Round "10"]
[White "Weichhold,P"]
[Black "Bologan,V"]
[Result "1/2-1/2"]
[WhiteElo "2180"]
[BlackElo "2692"]

1.e4 c5 2.Nf3 d6 3.d4 cxd4 4.Nxd4 Nf6 5.Nc3 a6 6.Bg5 e6 7.f4 Be7 8.Qf3 Qc7
9.O-O-O Nbd7 10.g4 h6 11.Bxf6 Bxf6 12.h4 Qb6 13.Nde2 Nc5 14.g5 Be7 15.Ng3 Bd7
16.Nh5 Rg8 17.f5 hxg5 18.Nxg7+ Rxg7 19.f6 Rg6 20.fxe7 Kxe7 21.hxg5 Rag8 22.Rh7 Be8
23.Bc4 Nd7 24.Bxe6 Ne5 25.Nd5+ Kf8 26.Qh3 Qd8 27.Nf6 fxe6 28.Qxe6 Nf7 29.Rf1 R6g7
30.g6 Rxg6 31.Qxe8+ Qxe8 32.Nxe8 Rg1 33.Rxf7+ Kxe8 34.Kd2 Rxf1 35.Rxf1 Ke7
36.Rf2 Ke6 37.Kd3 Rg1 38.Rh2 b5 39.a3 Kd7 40.Rh6 Rd1+ 41.Kc3 a5 42.Rg6 Kc7
43.Rh6 Re1 44.Kd4 Kc6 45.Kd3 Kc5 46.Rh5+ Kc6 47.Rh6 Kc5 48.Rh5+ Kc6 49.a4 bxa4
50.Rxa5 Ra1 51.Kc4 Re1 52.Kd4 Ra1 53.Kc4 Re1 54.Kd4 Ra1 55.Kc4 Re1 56.Ra6+ Kd7
57.Kd4 Ra1 58.Kc4 Re1 59.Kd4 Ra1 60.Kc4 Re1 61.Kd4  1/2-1/2

[Event "11th Karpov"]
[Site "Poikovsky RUS"]
[Date "2010.06.02"]
[Round "1"]
[White "Bologan,V"]
[Black "Sokolov,Ivan"]
[Result "1-0"]
[WhiteElo "2668"]
[BlackElo "2654"]

1.e4 e5 2.Nf3 Nc6 3.Bb5 Bc5 4.c3 f5 5.d4 fxe4 6.Bxc6 dxc6 7.Nxe5 Bd6 8.Qh5+ g6
9.Qe2 Bf5 10.Nd2 Nf6 11.Ndc4 Nd5 12.h4 h5 13.Bg5 Qc8 14.Nd2 Bxe5 15.dxe5 O-O
16.O-O Qe6 17.Nxe4 Rae8 18.Rfe1 Bxe4 19.Qxe4 Nb6 20.b3 Rf5 21.f4 Qd5 22.Qe3 Qa5
23.Qg3 Kh7 24.Rad1 Qxa2 25.c4 Re6 26.Ra1 Qb2 27.Rxa7 Rf7 28.Qd3 Nd7 29.Qe3 Nf8
30.Rxb7 Re8 31.Ra7 Ne6 32.Raa1 c5 33.Rab1 Qd4 34.Rbd1 Qb2 35.Rd2 Qa3 36.Rd3 Nd4
37.Qe4 Re6 38.Kh2 c6 39.Rg3 Qb2 40.Bd8 Qf2 41.Bg5 Qa2 42.Qb1 Qa5 43.Rd1 Qc7
44.b4 Ne2 45.Re3  1-0

[Event "11th Karpov"]
[Site "Poikovsky RUS"]
[Date "2010.06.04"]
[Round "3"]
[White "Bologan,V"]
[Black "Karjakin,Sergey"]
[Result "1/2-1/2"]
[WhiteElo "2668"]
[BlackElo "2739"]

1.e4 c5 2.Nf3 d6 3.d4 cxd4 4.Nxd4 Nf6 5.Nc3 a6 6.Be3 e5 7.Nf3 Qc7 8.a4 Be7
9.a5 O-O 10.Be2 Nc6 11.Bb6 Qb8 12.Nd5 Nxe4 13.Bc7 Qa7 14.Bb6 Qb8 15.Bc7 Qa7
16.Bb6  1/2-1/2

[Event "11th Karpov"]
[Site "Poikovsky RUS"]
[Date "2010.06.06"]
[Round "5"]
[White "Bologan,V"]
[Black "Riazantsev,A"]
[Result "1/2-1/2"]
[WhiteElo "2668"]
[BlackElo "2674"]

1.e4 e6 2.d4 d5 3.Nc3 Nf6 4.Bg5 dxe4 5.Nxe4 Nbd7 6.Nf3 h6 7.Nxf6+ Nxf6 8.Bh4 c5
9.c3 cxd4 10.Bb5+ Bd7 11.Bxd7+ Qxd7 12.Bxf6 gxf6 13.Qxd4  1/2-1/2

[Event "11th Karpov"]
[Site "Poikovsky RUS"]
[Date "2010.06.11"]
[Round "9"]
[White "Bologan,V"]
[Black "Jobava,Ba"]
[Result "1-0"]
[WhiteElo "2668"]
[BlackElo "2715"]

1.e4 c6 2.d4 d5 3.e5 Bf5 4.Nf3 e6 5.Be2 Ne7 6.O-O Bg4 7.Nbd2 Nf5 8.h3 h5
9.Nb3 Bxf3 10.Bxf3 g6 11.a4 Nd7 12.a5 Bh6 13.Bxh6 Nxh6 14.c4 Nf5 15.cxd5 cxd5
16.Be2 O-O 17.Bd3 Ne7 18.Qd2 Kg7 19.Bb5 Nb8 20.Nc5 a6 21.Ba4 Ra7 22.Rfc1 Nc8
23.Ra3 b6 24.axb6 Nxb6 25.Bb5 Qe7 26.Rca1 Rc7 27.Bxa6 Nc6 28.b4 Qh4 29.Rd3 Rb8
30.Rc1 Kg8 31.Kh2 Nc4 32.Bxc4 dxc4 33.g3 Qd8 34.Rxc4 Qd5 35.Qc3 Ra8 36.b5 Ra2
37.Rf3 Na5 38.b6 Rc8 39.Rb4 Nc6 40.Ra4 Nxe5 41.b7 Rxc5 42.b8=Q+ Kh7  1-0

[Event "GRENKE Rapid WCh"]
[Site "Mainz GER"]
[Date "2010.08.08"]
[Round "9"]
[White "Bologan,V"]
[Black "Schneider,Il"]
[Result "1-0"]
[WhiteElo "2695"]
[BlackElo "2515"]

1.e4 Nc6 2.Nf3 f5 3.exf5 d5 4.d4 Bxf5 5.Bb5 e6 6.Ne5 Ne7 7.Qh5+ g6 8.Qe2 Bg7
9.Bxc6+ Nxc6 10.Nxc6 bxc6 11.g4 Be4 12.f3 Qh4+ 13.Kd1 O-O 14.fxe4 Bxd4 15.h3 Qg3
16.Nd2 Rf2 17.Qd3 Qg2 18.Re1 c5 19.c3 Bf6 20.exd5 exd5 21.Rf1 Re8 22.Rxf2 Qxf2
23.Qxd5+ Kg7 24.g5 Qg1+ 25.Kc2 Bxg5 26.Nb3 Rd8 27.Qe5+ Bf6 28.Qe2  1-0

[Event "39th Olympiad Men"]
[Site "Khanty-Mansiysk RUS"]
[Date "2010.09.24"]
[Round "4"]
[White "Bologan,V"]
[Black "Gelfand,B"]
[Result "1/2-1/2"]
[WhiteElo "2690"]
[BlackElo "2751"]

1.e4 e5 2.Nf3 Nf6 3.Nxe5 d6 4.Nf3 Nxe4 5.d4 d5 6.Bd3 Nc6 7.O-O Be7 8.Nc3 Nxc3
9.bxc3 Bg4 10.Re1 O-O 11.Bf4 Bh5 12.Rb1 Rb8 13.Qe2 Bd6 14.Qe3 Qd7 15.Bxd6 Qxd6
16.Nh4 Bg6 17.Nxg6 hxg6 18.Qg3  1/2-1/2

[Event "39th Olympiad Men"]
[Site "Khanty-Mansiysk RUS"]
[Date "2010.09.25"]
[Round "5"]
[White "Bologan,V"]
[Black "Zhao Zong Yuan"]
[Result "0-1"]
[WhiteElo "2690"]
[BlackElo "2583"]

1.e4 e5 2.Nf3 Nc6 3.Bc4 Nf6 4.d3 Bc5 5.c3 a6 6.Bb3 Ba7 7.O-O d6 8.Re1 Ne7
9.d4 Ng6 10.h3 O-O 11.Nbd2 Re8 12.Ng5 Re7 13.Ndf3 Qe8 14.Nxf7 Rxf7 15.Ng5 Nh8
16.f4 h6 17.Nxf7 Nxf7 18.g4 Be6 19.Bc2 g5 20.fxe5 dxe5 21.Be3 Qe7 22.Kh1 Rd8
23.Qd2 Kg7 24.Qf2 Bxg4 25.dxe5 Nxe5 26.Bxa7 Bf3+ 27.Kg1 b6 28.Re3 Bh5 29.Rg3 Ra8
30.Bxb6 cxb6 31.Qxb6 Rd8 32.Qf2 Bg6 33.Re3 Nh5 34.Rd1 Rf8 35.Qe2 Nf4 36.Qxa6 g4
37.Qd6 Qxd6 38.Rxd6 Nxh3+ 39.Rxh3 gxh3 40.Bd1 Bxe4 41.a4 Rf2  0-1

[Event "39th Olympiad Men"]
[Site "Khanty-Mansiysk RUS"]
[Date "2010.09.30"]
[Round "9"]
[White "Bologan,V"]
[Black "Miezis,N"]
[Result "1-0"]
[WhiteElo "2690"]
[BlackElo "2519"]

1.e4 c5 2.Nf3 e6 3.d4 cxd4 4.Nxd4 a6 5.c4 Nf6 6.Nc3 Bb4 7.Qf3 Qc7 8.Bd2 Nc6
9.Nc2 Bd6 10.g4 h6 11.h4 b6 12.g5 Ng8 13.gxh6 gxh6 14.O-O-O Bb7 15.Kb1 Nge7
16.Be3 Be5 17.Na4 Nc8 18.c5 b5 19.Nb6 Nxb6 20.cxb6 Qd8 21.Qe2 Na5 22.f4 Bxe4
23.Bg2 Bxg2 24.Qxg2 Bf6 25.f5 e5 26.Nb4 Nc4 27.b7 Rb8 28.Ba7 Na5 29.Bxb8 Qxb8
30.Nd5 Bd8 31.Qg7 Rf8 32.Qxe5+ Qxe5 33.Rhe1  1-0

[Event "39th Olympiad Men"]
[Site "Khanty-Mansiysk RUS"]
[Date "2010.10.01"]
[Round "10"]
[White "Lodhi,M"]
[Black "Bologan,V"]
[Result "0-1"]
[WhiteElo "2391"]
[BlackElo "2690"]

1.d4 Nf6 2.Nf3 g6 3.g3 Bg7 4.Bg2 c5 5.O-O cxd4 6.Nxd4 h5 7.h4 Nc6 8.c4 Ng4
9.Nf3 b6 10.Na3 Bb7 11.Rb1 O-O 12.b3 d5 13.Bb2 dxc4 14.Nxc4 b5 15.Bxg7 Kxg7
16.Nb2 Qb6 17.Nd3 e5 18.Nh2 Nf6 19.Rc1 Rfd8 20.Qe1 Rac8 21.Nc5 Ba8 22.b4 Nxb4
23.Qxb4 Bxg2 24.Kxg2 Rd4 25.Qa3 b4 26.Ne6+ Qxe6 27.Qxa7 Rd2 28.Qe3 Rxa2 29.Rxc8 Qxc8
30.Qxe5 b3 31.Nf3 Qc4 32.Re1 Qe4 33.Qxe4 Nxe4 34.Nd4 b2 35.Nb3 Ra3  0-1

[Event "14th Corsica Masters"]
[Site "Bastia FRA"]
[Date "2010.10.24"]
[Round "1"]
[White "Nikolaidis,K"]
[Black "Bologan,V"]
[Result "0-1"]
[WhiteElo "2318"]
[BlackElo "2690"]

1.d4 Nf6 2.Nf3 g6 3.Bg5 Bg7 4.Nbd2 d6 5.c3 h6 6.Bh4 Nbd7 7.e3 b6 8.Be2 Bb7
9.O-O g5 10.Bg3 Nh5 11.b4 e6 12.Nb3 Nxg3 13.fxg3 h5 14.Ne1 g4 15.Nc2 Qg5
16.Bd3 Nf6 17.Qe2 Ne4 18.Bxe4 Bxe4 19.Na3 O-O 20.Nd2 Bg6 21.Nac4 a5 22.a4 axb4
23.cxb4 b5 24.Na5 c5 25.axb5 cxd4 26.e4 Rab8 27.Nc6 Qxb5 28.Qc4 Rb7 29.Ne7+ Kh7
30.Nxg6 Kxg6 31.Rfb1 Rfb8 32.Qc1 Bh6 33.Ra2 Qd3 34.Rab2 Bxd2 35.Rxd2 Qe3+
36.Kh1 Rxb4  0-1

[Event "14th Corsica Masters"]
[Site "Bastia FRA"]
[Date "2010.10.26"]
[Round "3"]
[White "David,Alb"]
[Black "Bologan,V"]
[Result "1-0"]
[WhiteElo "2589"]
[BlackElo "2690"]

1.d4 Nf6 2.c4 g6 3.Nc3 Bg7 4.e4 d6 5.Nf3 O-O 6.Be2 e5 7.Be3 Ng4 8.Bg5 f6
9.Bh4 g5 10.Bg3 Nh6 11.dxe5 dxe5 12.Qd5+ Kh8 13.Qxd8 Rxd8 14.h4 g4 15.Nd2 Na6
16.O-O-O Be6 17.Nb3 Nf7 18.h5 Bh6+ 19.Kc2 Nd6 20.Bh4 Kg7 21.a3 Nxc4 22.Bxc4 Bxc4
23.Na5 Bf7 24.Nxb7 Rd4 25.Nd5 Bxd5 26.exd5 Rb8 27.Na5 Rb5 28.Nc6 Rdxd5 29.b4 Rdc5+
30.bxc5 Rxc5+ 31.Kb1 Rxc6 32.Rd7+ Kg8 33.Rhd1 Bf8 34.Rc1 Nc5 35.Ka2 Ra6 36.Rxc7 Nd3
37.R1c4 Bxa3 38.Rxg4+ Kf8 39.Rxh7 Nc1+ 40.Kb1 Rb6+ 41.Kc2 Rc6+ 42.Kd1 Rd6+
43.Ke1 a5 44.g3 Bb4+ 45.Kf1 Rd1+ 46.Kg2 Nd3 47.Rg6 f5 48.Rc6 Kg8 49.Rb7 Ne1+
50.Kh3 Nf3 51.Rc8+ Bf8 52.h6  1-0

[Event "14th Corsica Masters"]
[Site "Bastia FRA"]
[Date "2010.10.26"]
[Round "4"]
[White "Bologan,V"]
[Black "Leconte,M"]
[Result "1-0"]
[WhiteElo "2690"]
[BlackElo "2328"]

1.e4 e6 2.d4 d5 3.Nc3 Bb4 4.e5 c5 5.a3 Bxc3+ 6.bxc3 Qa5 7.Bd2 Qa4 8.Qg4 g6
9.Qd1 b6 10.Nf3 Ba6 11.Bd3 Bxd3 12.cxd3 Qxd1+ 13.Kxd1 Nd7 14.h4 h5 15.dxc5 Nxc5
16.Kc2 Ne7 17.Nd4 O-O 18.a4 f6 19.exf6 Rxf6 20.f3 Nf5 21.Nc6 Rff8 22.Ne5 Kh7
23.g4 Ng7 24.a5 b5 25.a6 hxg4 26.fxg4 Rf2 27.Rhb1 Na4 28.Rxb5 Nb6 29.Rc5 Re2
30.Nf7 Rg2 31.Rc7 Rxg4 32.Be3 d4 33.Bxd4 Nd5 34.Ng5+ Kh8 35.Bxg7+ Kg8 36.Rb7  1-0

[Event "14th Corsica KO"]
[Site "Bastia FRA"]
[Date "2010.10.29"]
[Round "2.2"]
[White "Van Wely,L"]
[Black "Bologan,V"]
[Result "1-0"]
[WhiteElo "2679"]
[BlackElo "2690"]

1.d4 Nf6 2.c4 c5 3.d5 b5 4.cxb5 a6 5.bxa6 g6 6.Nc3 Bxa6 7.e4 Bxf1 8.Kxf1 d6
9.Nf3 Bg7 10.g3 O-O 11.Kg2 Nbd7 12.h3 Ra6 13.Re1 Qa8 14.Bf4 Nh5 15.Bg5 h6
16.Bd2 Rb8 17.Qc2 Nhf6 18.b3 Ne8 19.a4 Nc7 20.Rab1 Rab6 21.Be3 Qa5 22.Bd2 Qa6
23.Be3 Rb4 24.Na2 R4b7 25.Nc3 c4 26.bxc4 Qxc4 27.Rxb7 Rxb7 28.Rc1 Bxc3 29.Nd2 Qb4
30.Qxc3 Qxc3 31.Rxc3 f5 32.f3 h5 33.Rb3 Rxb3 34.Nxb3 Kf7 35.Kf2 Ne5 36.Bd4 Nc4
37.Ke2 e5 38.Kd3  1-0

[Event "Russia Cup Final KO"]
[Site "Belgorod RUS"]
[Date "2010.11.07"]
[Round "1.1"]
[White "Nozdrachev,V"]
[Black "Bologan,V"]
[Result "0-1"]
[WhiteElo "2438"]
[BlackElo "2686"]

1.e4 g6 2.d4 Bg7 3.Nc3 c6 4.Nf3 d6 5.g3 Bg4 6.Be3 Qb6 7.Rb1 Bxf3 8.Qxf3 Bxd4
9.Na4 Qb4+ 10.c3 Qxa4 11.cxd4 Qxa2 12.Bd3 Nf6 13.b4 Nbd7 14.Bh6 Qe6 15.h3 d5
16.e5 Ne4 17.Qe3 Nb6 18.Be2 g5 19.Bxg5 Qg6 20.Bh4 Nxg3 21.Bd3 Nf5 22.Qc1 Qg2  0-1

[Event "Russia Cup Final KO"]
[Site "Belgorod RUS"]
[Date "2010.11.08"]
[Round "1.2"]
[White "Bologan,V"]
[Black "Nozdrachev,V"]
[Result "1-0"]
[WhiteElo "2686"]
[BlackElo "2438"]

1.e4 e5 2.Nf3 Nc6 3.Bc4 Bc5 4.c3 Nf6 5.d3 a6 6.Bb3 Ba7 7.O-O O-O 8.Re1 d6
9.h3 Kh8 10.d4 Qe7 11.Be3 Na5 12.Bc2 Nc4 13.Bc1 b5 14.a4 c5 15.b3 Nb6 16.Bg5 h6
17.Bh4 b4 18.Qd3 Rd8 19.Rd1 cxd4 20.cxd4 Bb7 21.Bxf6 Qxf6 22.a5 Nd7 23.Ra4 Bc6
24.Rxb4 Bb5 25.Rxb5 axb5 26.Nc3 Bxd4 27.Nd5 Qg6 28.Qxb5 Nc5 29.Nxd4 exd4
30.Rxd4 Ne6 31.Rd1 Qg5 32.Qa4 Nf4 33.Nxf4 Qxf4 34.b4 d5 35.g3 Qf3 36.Qb3 Qh5
37.exd5 Qxh3 38.d6 Qg4 39.Qd3 g6 40.Qd4+ Qxd4 41.Rxd4 Kg7 42.Be4 Ra7 43.Bc6 Kf6
44.d7 Ke7 45.Kf1 Ra6 46.Bb5 Rd6 47.Re4+ Re6 48.Rc4 Rd6 49.Ke2 Rb8 50.Rc5 Kd8
51.g4 Rd4 52.a6 Ra8 53.Re5 Rxd7 54.Bxd7 Kxd7 55.b5 Kd6 56.f4 f6 57.Re3 Kc5
58.Re6 h5 59.Rxf6 Kxb5 60.Rxg6  1-0

[Event "29th European Blitz"]
[Site "Warsaw POL"]
[Date "2010.12.17"]
[Round "8"]
[White "Gajewski,G"]
[Black "Bologan,V"]
[Result "0-1"]
[WhiteElo "2555"]
[BlackElo "2686"]

1.d4 Nf6 2.c4 c5 3.Nf3 cxd4 4.Nxd4 a6 5.Nc3 d5 6.cxd5 Nxd5 7.g3 Nxc3 8.bxc3 Qd5
9.Rg1 e5 10.Bg2 Qc5 11.Nb3 Qxc3+ 12.Bd2 Qc7 13.Ba5 Qd7 14.Qxd7+ Nxd7 15.Rc1 Ba3
16.Rc2 O-O 17.f4 Nf6 18.Bc3 Ng4 19.Rd2 Be6 20.h3 Rac8 21.hxg4 Rxc3 22.Bxb7 Bb4
23.Kd1 Rxb3 24.axb3 Bxb3+ 25.Kc1 Rb8 26.Bxa6 Ba3+ 27.Kb1 Bc4+ 28.Ka1 Bxa6
29.Rb1 Ra8 30.Ra2 Bc4 31.Rxa3 Rxa3+ 32.Kb2 Rb3+  0-1

[Event "29th European Blitz"]
[Site "Warsaw POL"]
[Date "2010.12.17"]
[Round "9"]
[White "Bologan,V"]
[Black "Ivanchuk,V"]
[Result "0-1"]
[WhiteElo "2686"]
[BlackElo "2764"]

1.e4 c5 2.Nf3 e6 3.d3 b5 4.g3 Bb7 5.Bg2 d6 6.O-O Nd7 7.a4 b4 8.a5 Be7 9.a6 Bc6
10.c3 bxc3 11.Nxc3 Ngf6 12.Re1 Ne5 13.Nxe5 dxe5 14.Qc2 Rb8 15.Na4 Rb5 16.Be3 Nd7
17.b3 O-O 18.Nb2 Qb8 19.Nc4 Rxb3 20.Na5 Rb6 21.Nxc6 Rxc6 22.Reb1 Rb6 23.Bf1 Qc7
24.Rxb6 Nxb6 25.Be2 Rc8 26.Bd2 Qc6 27.Rb1 h6 28.h4 Bd8 29.Be3 Be7 30.Kg2 Bd8
31.Kg1 Rc7 32.Qb2 Be7 33.Qxe5 Bf6 34.Qf4 Bd4 35.Bxd4 cxd4 36.Bf3 Qc5 37.e5 Rc8
38.h5 Nd7 39.Re1 Qa5 40.Bb7 Qxe1+ 41.Kg2 Rc1 42.Kh2 Nc5 43.Qxd4 Nxb7  0-1

[Event "European Rapid Championship"]
[Site "Warsaw POL"]
[Date "2010.12.18"]
[Round "1"]
[White "Bielecki,P"]
[Black "Bologan,V"]
[Result "0-1"]
[WhiteElo "1887"]
[BlackElo "2686"]

1.d4 Nf6 2.Nf3 c5 3.e3 g6 4.c3 Qc7 5.Bd3 d5 6.dxc5 Qxc5 7.O-O Bg7 8.Qb3 O-O
9.Na3 Nc6 10.Qb5 Qd6 11.h3 a6 12.Qb3 b5 13.Nc2 e5 14.Be2 Bf5 15.Nh4 Be6 16.Qa3 Qc7
17.f4 Ne4 18.Rf3 Bf6 19.f5 Bxh4 20.fxe6 fxe6 21.Nb4 Ng3 22.Bd1 e4 23.Rf4 g5
24.Bg4 gxf4 25.Bxe6+ Kh8 26.Nxd5 f3 27.Nxc7 f2+ 28.Kh2 f1=Q 29.Bd2 Qxa1  0-1

[Event "European Rapid Championship"]
[Site "Warsaw POL"]
[Date "2010.12.18"]
[Round "2"]
[White "Bologan,V"]
[Black "Malec,S"]
[Result "1/2-1/2"]
[WhiteElo "2686"]
[BlackElo "2210"]

1.e4 c5 2.Nf3 Nc6 3.Bb5 g6 4.Bxc6 dxc6 5.h3 Bg7 6.d3 Nf6 7.O-O O-O 8.Nc3 b6
9.Be3 Ba6 10.Qd2 Re8 11.Bh6 Bh8 12.Rad1 e5 13.b3 Qc7 14.Nh2 Nh5 15.Ne2 Rad8
16.Qe3 Bc8 17.g4 Ng7 18.f4 exf4 19.Bxf4 Qb7 20.Bg5 Rd6 21.Qg3 Qd7 22.Bf4 Rde6
23.Nf3 f6 24.Bc1 R6e7 25.Bb2 Ne6 26.Rf2 Rf7 27.Rdf1 Ref8 28.Kg2 Bg7 29.Nd2 Nd4
30.Nxd4 cxd4 31.Nc4 c5 32.Nd6 Re7 33.Nxc8 Rxc8 34.Bc1 Qc6 35.h4 h6 36.Qf3 Qe6
37.Bf4 Rce8 38.Bg3 Rd7 39.h5 g5 40.Qf5 Qxf5 41.Rxf5 Re6 42.R1f3 Kh8 43.Kf2 Kg8
44.Ke2 Rc6 45.Kd2 Re7 46.Rd5 Rce6 47.Bd6 Rf7 48.Rff5 Bf8 49.Bxf8 Kxf8 50.b4 cxb4
51.Rxd4 a5 52.Rd8+ Kg7 53.Rc8 Rd7 54.Ke3 Red6 55.Rc4 Re7 56.d4 Rde6 57.d5 b5
58.dxe6 bxc4 59.Rxa5 Rxe6 60.Ra4 Rb6 61.Kd4 b3 62.Ra7+ Kg8 63.axb3 cxb3 64.cxb3 Rxb3
65.Kd5 Rg3 66.Ke6 Rxg4 67.Kf5 Rf4+ 68.Kg6 Kf8 69.Kxh6 g4 70.Kg6 g3 71.Ra3 Rg4+
72.Kxf6 Kg8 73.Ra1 Rxe4 74.Rg1 Re3 75.Kf5 Kg7 76.Kf4 Rd3 77.Rxg3+ Rxg3 78.Kxg3 Kh6  1/2-1/2

[Event "European Rapid Championship"]
[Site "Warsaw POL"]
[Date "2010.12.18"]
[Round "4"]
[White "Bologan,V"]
[Black "Krzyzanowski,M"]
[Result "1-0"]
[WhiteElo "2686"]
[BlackElo "2342"]

1.e4 c5 2.Nf3 e6 3.d3 Nc6 4.c3 d5 5.Qe2 Nge7 6.g3 g6 7.Bg2 Bg7 8.O-O O-O
9.Na3 a6 10.e5 d4 11.cxd4 cxd4 12.Nc4 Rb8 13.Bf4 h6 14.h4 Nd5 15.Bc1 b5 16.Ncd2 Kh7
17.Nb3 Nde7 18.Bd2 a5 19.Rac1 a4 20.Nc5 Qe8 21.Qe4 Nd5 22.h5 f5 23.exf6 Nxf6
24.Qxg6+ Qxg6 25.hxg6+ Kh8 26.Bf4 Ra8 27.Ne5 Nxe5 28.Bxa8 Nxg6 29.Bd6 Rg8
30.Rfe1 h5 31.Bg2 Bh6 32.Rc2 h4 33.Nxe6 hxg3 34.Bxg3 Nh5 35.Nxd4 Ngf4 36.Re7 Ng6
37.Rec7 Bg4 38.Be4 Nxg3 39.fxg3 Be3+ 40.Kh1 Rg7 41.Rxg7 Kxg7 42.Rc7+  1-0

[Event "European Rapid Championship"]
[Site "Warsaw POL"]
[Date "2010.12.18"]
[Round "5"]
[White "Shimanov,A"]
[Black "Bologan,V"]
[Result "0-1"]
[WhiteElo "2516"]
[BlackElo "2686"]

1.c4 c5 2.Nf3 Nc6 3.d4 cxd4 4.Nxd4 e6 5.Nc3 Bc5 6.Nb3 Be7 7.g3 Nf6 8.Bg2 O-O
9.O-O b6 10.Bf4 Ba6 11.Nb5 Rc8 12.Nd6 Bxd6 13.Bxd6 Re8 14.Rc1 Ne7 15.Nd2 Nf5
16.Be5 b5 17.c5 Ng4 18.Bc3 Rxc5 19.e4 b4 20.exf5 bxc3 21.Qxg4 Bxf1 22.Bxf1 Rxf5
23.bxc3 Qb6 24.Qe2 Qb2 25.Nb3 Qxe2 26.Bxe2 Kf8 27.Rd1 Ke7 28.Rd4 Rc8 29.c4 d6
30.f4 h5 31.h3 a5 32.g4 hxg4 33.hxg4 e5 34.gxf5 exd4 35.Nxd4 d5 36.cxd5 Rc1+
37.Kf2 Kd6 38.Ke3 Kxd5 39.Nb3 Rc3+ 40.Kd2 Rg3 41.Bd3 Rg2+ 42.Kc3 Rxa2 43.Bc4+ Kd6
44.Bxf7 Ra3 45.Bc4 a4 46.Kb2 Rxb3+ 47.Bxb3 axb3 48.Kxb3 Kd5 49.Kc3 Ke4 50.Kd2 Kxf4
51.Ke2 Kxf5 52.Kf3 Kg5 53.Kg3 g6 54.Kf3 Kh4 55.Kf2 Kh3 56.Kf3 g5 57.Kf2 g4
58.Kg1 Kg3  0-1

[Event "European Rapid Championship"]
[Site "Warsaw POL"]
[Date "2010.12.18"]
[Round "8"]
[White "Bologan,V"]
[Black "Vovk,Y"]
[Result "0-1"]
[WhiteElo "2686"]
[BlackElo "2539"]

1.e4 e5 2.Bc4 Nf6 3.d3 c6 4.Nf3 d5 5.Bb3 Bb4+ 6.Bd2 Bxd2+ 7.Qxd2 Qd6 8.Qg5 Nbd7
9.exd5 cxd5 10.Nc3 O-O 11.O-O h6 12.Qg3 Nh5 13.Qh4 Nf4 14.Rae1 g5 15.Qg3 Kh8
16.h4 g4 17.Nd2 f5 18.d4 Nh5 19.dxe5 Nxg3 20.exd6 Nxf1 21.Kxf1 d4 22.Nd5 b6
23.Re7 Ba6+ 24.Kg1 Nc5 25.d7 Bb5 26.Nf4 Rf6 27.h5 Nxb3 28.Nxb3 Rd8 29.Ne6 Rxd7
30.Re8+ Kh7 31.Nf8+ Rxf8 32.Rxf8 d3 33.cxd3 Bxd3 34.Kh2 Kg7 35.Re8 Kf6 36.Kg3 Bc4
37.f3 Kg5 38.f4+ Kxh5 39.Re3 Rd1 40.Rc3 Bd5 41.Re3 Be4 42.a4 a5 43.Kf2 Kh4
44.Rc3 Rb1 45.g3+ Kh3 46.Nd2 Rxb2 47.Ke1 Bg2 48.Nc4 Rb1+ 49.Kd2 Bf3 50.Ne3 Kxg3
51.Nxf5+ Kxf4 52.Nxh6 Rd1+ 53.Kc2 Rd7 54.Rc8 Kg5 55.Nxg4 Kxg4 56.Rb8 Rd6
57.Kc3 Kf4 58.Kc4 Be2+ 59.Kc3 Ke5 60.Re8+ Re6 61.Rd8 Rc6+ 62.Kb3 Bc4+ 63.Kb2 Bd5
64.Rh8 Kd4 65.Rh4+ Kc5 66.Kc3 Rf6 67.Rg4 Rf3+ 68.Kc2 Bc4 69.Rg5+ Kb4  0-1

[Event "European Rapid Championship"]
[Site "Warsaw POL"]
[Date "2010.12.19"]
[Round "9"]
[White "Nedilko,V"]
[Black "Bologan,V"]
[Result "0-1"]
[WhiteElo "2413"]
[BlackElo "2686"]

1.d4 Nf6 2.c4 g6 3.Nf3 Bg7 4.g3 c5 5.Nc3 cxd4 6.Nxd4 Qc7 7.b3 Nc6 8.Bg2 h5
9.h3 h4 10.g4 Nxg4 11.Ndb5 Bxc3+ 12.Nxc3 Nxf2  0-1